[Event "Belo Horizonte Mineiro op"]
[Site "Belo Horizonte"]
[Date "2013.12.08"]
[Round "6.10"]
[White "De Macedo Jr, Joel Xavier"]
[Black "Hama, Haruna"]
[Result "1-0"]
[WhiteElo "1875"]
[BlackElo "1738"]
[PlyCount "69"]
[EventDate "2013.12.06"]
[EventType "swiss"]
[EventRounds "6"]
[EventCountry "BRA"]
[SourceTitle "EXT 2022"]
[Source "ChessBase"]
[SourceDate "2021.10.06"]
[SourceVersion "1"]
[SourceVersionDate "2021.10.06"]
[SourceQuality "1"]

1. e4 c5 2. Nf3 Nc6 3. d4 cxd4 4. Nxd4 g6 5. Nc3 Bg7 6. Be3 d6 7. f3 Nf6 8. Qd2 Bd7 9. Bc4 Rc8 10. Bb3 Ne5 11. 0-0-0 Nc4 12. Bxc4 Rxc4 13. Kb1 a6 14. g4 h6 15. Nd5 Nxd5 16. exd5 0-0 17. b3 Rc5 18. Ne2 Kh7 19. Bxc5 dxc5 20. Qd3 Qa5 21. c3 c4 22. Qc2 cxb3 23. axb3 Qc7 24. h4 h5 25. Rhg1 Qh2 26. Nd4 Qe5 27. Qe4 Qd6 28. Kb2 Rc8 29. gxh5 Bxd4 30. hxg6+ fxg6 31. Qxd4 Bf5 32. h5 Qh2+ 33. Rd2 Qxh5 34. Qe5 Qxf3 35. Rh2+ 1-0

[Event "Belo Horizonte Mineiro op"]
[Site "Belo Horizonte"]
[Date "2013.12.07"]
[Round "3"]
[White "De Macedo Jr, Joel Xavier"]
[Black "De Oliveira, Fernando Paulino"]
[Result "1/2-1/2"]
[WhiteElo "1875"]
[BlackElo "1800"]
[PlyCount "88"]
[EventDate "2013.12.06"]
[EventType "swiss"]
[EventRounds "6"]
[EventCountry "BRA"]
[SourceTitle "CBM 158 Extra"]
[Source "ChessBase"]
[SourceDate "2014.02.28"]
[SourceVersion "1"]
[SourceVersionDate "2014.02.28"]
[SourceQuality "1"]

1. e4 c5 2. Nf3 d6 3. d4 cxd4 4. Nxd4 Nf6 5. Nc3 a6 6. Be3 e5 7. Nb3 Be6 8. f3 Nbd7 9. Qd2 b5 10. 0-0-0 Be7 11. g4 Nb6 12. g5 Nfd7 13. Nd5 Bxd5 14. exd5 0-0 15. Na5 Qc7 16. Nc6 Rfe8 17. Nxe7+ Rxe7 18. Kb1 Nc4 19. Bxc4 Qxc4 20. h4 Rc8 21. h5 Nf8 22. Qh2 Rec7 23. Rd2 b4 24. g6 a5 25. h6 fxg6 26. hxg7 Rxg7 27. Bh6 Rgc7 28. Rg2 Qxd5 29. Bxf8 Kxf8 30. Rxg6 hxg6 31. Qh8+ Qg8 32. Qf6+ Rf7 33. Qxd6+ Kg7 34. Qxe5+ Rf6 35. Qg5 Rf5 36. Qh6+ Kf6 37. Qh4+ Kf7 38. Qd4 Rd8 39. Qa7+ Kf6 40. Qb6+ Kg7 41. Qc7+ Rf7 42. Qxa5 Qf8 43. Qe5+ Rf6 44. Qc7+ Rf7 1/2-1/2

[Event "Belo Horizonte Mineiro op"]
[Site "Belo Horizonte"]
[Date "2013.12.06"]
[Round "1"]
[White "De Macedo Jr, Joel Xavier"]
[Black "Gazel Pereira, Frederico"]
[Result "1/2-1/2"]
[WhiteElo "1875"]
[BlackElo "2296"]
[PlyCount "69"]
[EventDate "2013.12.06"]
[EventType "swiss"]
[EventRounds "6"]
[EventCountry "BRA"]
[SourceTitle "CBM 158 Extra"]
[Source "ChessBase"]
[SourceDate "2014.02.28"]
[SourceVersion "1"]
[SourceVersionDate "2014.02.28"]
[SourceQuality "1"]

1. e4 c5 2. Nf3 e6 3. d4 cxd4 4. Nxd4 a6 5. Nc3 Qc7 6. Be3 Nf6 7. f3 b5 8. Qd2 Bb7 9. 0-0-0 b4 10. Nce2 d5 11. e5 Nfd7 12. f4 Nc5 13. Ng3 g6 14. Kb1 Na4 15. Bd3 Nd7 16. h4 Ndb6 17. h5 Rg8 18. hxg6 hxg6 19. Rh7 Be7 20. Rdh1 Nc4 21. Bxc4 dxc4 22. Nxe6 fxe6 23. Qxb4 Bxb4 24. Rxc7 Bd5 25. Rhh7 c3 26. b3 Rb8 27. Ba7 Rd8 28. Ne2 Be4 29. bxa4 g5 30. Rh1 Bxg2 31. Rg1 gxf4 32. Nxf4 Rg4 33. Nxg2 Rxg2 34. Rh1 Rh2 35. Rg1 1/2-1/2

[Event "Belo Horizonte Mineiro op"]
[Site "Belo Horizonte"]
[Date "2013.12.06"]
[Round "2"]
[White "Duarte, Renato Cassio del G"]
[Black "De Macedo Jr, Joel Xavier"]
[Result "1-0"]
[WhiteElo "2133"]
[BlackElo "1875"]
[PlyCount "109"]
[EventDate "2013.12.06"]
[EventType "swiss"]
[EventRounds "6"]
[EventCountry "BRA"]
[SourceTitle "CBM 158 Extra"]
[Source "ChessBase"]
[SourceDate "2014.02.28"]
[SourceVersion "1"]
[SourceVersionDate "2014.02.28"]
[SourceQuality "1"]

1. d4 Nf6 2. c4 e6 3. Nf3 c5 4. e3 b6 5. Be2 Bb7 6. 0-0 cxd4 7. exd4 d5 8. Nc3 dxc4 9. Qa4+ Nbd7 10. Qxc4 Be7 11. Qa4 0-0 12. Bf4 a6 13. Qd1 b5 14. a3 Nb6 15. Ne5 Nbd5 16. Nxd5 Nxd5 17. Bd2 Bf6 18. Bf3 Qd6 19. Qe2 Rfd8 20. Ba5 Re8 21. g3 Bd8 22. Bd2 Bb6 23. Rfd1 Bxd4 24. Bc3 Bxc3 25. bxc3 Rac8 26. c4 bxc4 27. Nxc4 Qc5 28. Rac1 Qe7 29. Qe5 Red8 30. Re1 Qc7 31. Qxc7 Rxc7 32. Na5 Rxc1 33. Rxc1 Ba8 34. Nc6 Rc8 35. Bxd5 Kf8 36. Bg2 Ke8 37. Rc2 f6 38. Nd4 Rd8 39. Rd2 Bxg2 40. Kxg2 e5 41. Nb3 Rb8 42. Nc5 a5 43. h4 Rb5 44. Rd5 Ke7 45. a4 Rb4 46. Rd7+ Kf8 47. Ne6+ Ke8 48. Rxg7 h5 49. Ra7 Rxa4 50. Ng7+ Kf8 51. Nxh5 f5 52. Nf6 Ra2 53. h5 e4 54. h6 e3 55. h7 1-0